MARC

LEADER 00000nam0a2200000 4500
001 34307
005 20231101210227.0
010 |a 5247013530 
035 |a (RuTPU)RU\TPU\book\34693 
035 |a BOOK00001344 
090 |a 34307 
100 |a 20011210d1991 m y0rusy50 ca 
101 0 |a rus 
102 |a RU 
105 |a y j 000zy 
200 1 |a Руководство к лабораторным занятиям по общей петрографии  |e учебное пособие  |f В. С. Князев, И. Б. Кононова 
205 |a 2-е изд., перераб. и доп. 
210 |a Москва  |c Недра  |d 1991 
215 |a 129 с. 
225 1 |a Высшее образование 
606 |a Петрография  |2 stltpush  |3 (RuTPU)RU\TPU\subj\48701  |9 67549 
610 1 |a кристаллооптика 
610 1 |a магматические породы 
610 1 |a метаморфические породы 
610 1 |a таблицы 
610 1 |a руководства 
610 1 |a учебные пособия 
610 1 |a минералы 
610 1 |a оптические константы 
675 |a 552(076.5)  |v 3 
700 1 |a Князев  |b В. С.  |g Владимир Сергеевич 
701 1 |a Кононова  |b И. Б.  |g Инна Борисовна 
801 0 |a RU  |b 63413507  |c 20011210  |g PSBO 
801 2 |a RU  |b 63413507  |c 20201109  |g PSBO 
900 |a Петрография и литология 
900 |a Кристаллография и минералогия 
942 |c BK